| 000 | 00352nam a2200133Ia 4500 | ||
|---|---|---|---|
| 008 | 150202s9999 xx 000 0 und d | ||
| 020 | _a451401743 | ||
| 050 |
_aFIC _bFIC |
||
| 100 | _aRice, Patricia. | ||
| 245 |
_aCheynne's lady / _cPatricia Rice. |
||
| 260 |
_aNew York : _bOnyx Books, _c1989. |
||
| 300 |
_a479 pages : _c18 cm. |
||
| 650 | _aFiction. | ||
| 999 |
_c282342 _d282342 |
||